Top 100 Greatest College Football Players - Statistics

General Stats
  • This quiz has been taken 54 times
  • The average score is 27 of 100
Answer Stats
Rank Position College Year Player % Correct
3 RB Auburn 1982-85 Bo Jackson
71%
1 RB Syracuse 1954-56 Jim Brown
71%
9 RB Oklahoma St 1986-88 Barry Sanders
69%
26 DB Florida St. 1985-88 Deion Sanders
62%
50 QB Ole MIss 1968-70 Archie Manning
60%
21 QB Tennessee 1994-97 Peyton Manning
60%
53 WR Notre Dame 1984-87 Tim Brown
60%
2 RB Georgia 1980-82 Herschel Walker
56%
61 RB USC 2005-05 Reggie Bush
56%
81 QB Texas 2003-05 Vince Young
56%
55 DE Virginia Tech 1981-84 Bruce Smith
51%
31 DE Michigan St. 1964-66 Bubba Smith
51%
23 RB SMU 1945-49 Doak Walker
51%
70 RB Florida 1987-89 Emmit Smith
51%
87 QB BYU 1981-83 Steve Young
51%
96 RB USC 1976-79 Charles White
47%
35 DT Maryland 1972-74 Randy White
47%
19 DE Tennessee 1980-83 Reggie White
47%
76 QB Florida 2006-09 Tim Tebow
47%
32 WR Mississippi Valley 1981-84 Jerry Rice
44%
66 WR Marshall 1996-97 Randy Moss
44%
57 RB Texas 1995-98 Ricky Williams
44%
11 QB Navy 1962-64 Roger Staubach
42%
45 RB Oklahoma 2004-06 Adrian Peterson
40%
28 QB Boston College 1981-84 Doug Flutie
40%
93 QB Purdue 1997-2000 Drew Brees
40%
7 RB Texas 1974-77 Earl Campbell
40%
25 RB USC 1967-68 OJ Simpson
40%
84 RB Georgia Southern 1998-2001 Adrain Peterson
38%
74 RB TCU 1997-2000 LaDainian Tomlinson
38%
42 LB UNC 1977-80 Lawrence Taylor
38%
41 DB Michigan 1995-97 Charles Woodson
36%
33 QB Stanford 1979-82 John Elway
36%
100 DB Purdue 1983-86 Rod Woodson
36%
4 RB Ohio St 1972-75 Archie Griffin
33%
49 RB SMU 1979-82 Eric Dickerson
33%
40 RB USC 1978-81 Marcus Allen
33%
63 DL Nebraska 2005-09 Ndamukong Suh
33%
16 RB Jackson St 1971-74 Walter Payton
33%
64 QB Stanford 2009-11 Andrew Luck
31%
8 LB Illinois 1962-64 Dick Butkus
31%
12 DE Pitt 1977-80 Hugh Green
31%
62 DT North Texas 1966-68 Joe Greene
31%
46 WR Pitt 2002-03 Lary Fitzgerald
31%
67 QB Pitt 1979-82 Dan Marino
29%
38 RB Ohio St. 1992-95 Eddie George
29%
36 RB San Diego St. 1991-93 Marshall Faulk
29%
10 RB Kansas 1962-64 Gale Sayers
27%
39 WR Nebraska 1970-72 Johnny Rodgers
27%
71 LB Alabama 1985-88 Derrick Thomas
24%
58 DB USC 1977-80 Ronnie Lott
24%
20 RB Oklahoma 1975-79 Billy Sims
22%
78 TE Pitt 1958-60 Mike Ditka
22%
29 QB TCU 1934-36 Sammy Baugh
22%
97 QB Nebraska 1992-95 Tommie Frazier
22%
17 RB Pitt 1973-76 Tony Dorsett
22%
15 RB Syracuse 1959-61 Ernie Davis
20%
18 RB Army 1943-46 Glenn Davis
20%
5 RB Carlisle 1907-12 Jim Thorpe
20%
6 RB Illinois 1923-25 Red Grange
20%
99 OT USC 1976-79 Anthony Munoz
18%
43 QB Stanford 1968-70 Jim Plunkett
18%
82 RB Wisconsin 1996-99 Ron Dayne
18%
91 QB Florida 1964-66 Steve Spurrier
16%
14 DT Minnesota 1927-29 Bronko Nagurski
13%
69 LB Penn St 1968-70 Jack Ham
13%
79 OG Alabama 1970-72 John Hannah
13%
34 DL Oklahoma 1972-75 Lee Roy Selmon
13%
86 QB Northwestern 1941-43 Otto Graham
13%
59 DE Notre Dame 1964-66 Alan Page
11%
22 RB LSU 1957-59 Billy Cannon
11%
75 QB Texas 1944-47 Bobby Layne
11%
30 C Penn 1945-48 Chuck Bednarik
11%
68 RB Nebraska 1981-83 Mike Rozier
11%
24 QB TCU 1936-38 Davey O'Brien
9%
13 RB Army 1944-46 Doc Blanchard
9%
44 DB Ohio St 1968-70 Jack Tatum
9%
80 DL Utah St 1959-61 Merlin Olsen
9%
51 OT Ohio St 1996-96 Orlando Pace
9%
27 QB Notre Dame 1954-56 Paul Hornung
9%
95 RB Oklahoma 1967-69 Steve Owens
9%
72 LB Alabama 1983-86 Cornelius Bennett
7%
60 RB Stanford 1923-25 Ernie Nevers
7%
52 RB Syracuse 1964-66 Floyd Little
7%
83 WR Florida St 1962-64 Fred Biletnikoff
7%
90 QB Notre Dame 1917-20 George Gipp
7%
85 DL Miami 1966-68 Ted Hendricks
7%
54 LB Texas 1963-65 Tommy Nobis
7%
94 DL Iowa 1955-57 Alex Karras
4%
92 OT Pitt 1981-84 Bill Fralic
4%
48 C Nebraska 1979-82 Dave Rimington
4%
89 LB UCLA 1975-78 Jerry Robinson
4%
98 RB Penn St 1971-73 John Cappelletti
4%
37 QB Notre Dame 1943-47 John Lujack
4%
73 LB Alabama 1960-62 Lee Roy Jordan
4%
88 OL Notre Dame 1946-49 Leon Hart
4%
65 RB Michigan 1938-40 Tom Harmon
4%
77 RB Wisconsin 1951-54 Alan Ameche
2%
47 RB Ohio St 1952-55 Howard Cassady
2%
56 RB Army 1956-58 Pete Dawkins
2%
No matching quizzes found
Score Distribution
Percent of People with Each Score
Percentile by Number Answered
Your Score History
You have not taken this quiz